| 000 | 00583nam a2200145Ia 4500 | ||
|---|---|---|---|
| 008 | 150609s9999 xx 000 0 und d | ||
| 050 |
_aL 11 _b.M678 2015 |
||
| 100 | _aMisa, Jonas Daniel D. | ||
| 245 |
_aCoping style and level of adjustment of college transfer students of southville international school and colleges / _cJinas Daniel D. Misa. |
||
| 260 |
_aLas PiƱas, Philippines : _bSISC, _c2015. |
||
| 300 |
_a68 pages : _billustrations ; _c28 cm. |
||
| 500 | _aIncludes bibliographical references and appendices. | ||
| 650 | _aCoping Behavior | ||
| 650 | _aIndividual development | ||
| 999 |
_c285091 _d285091 |
||